| 000 | 00485nam a2200169 4500 | ||
|---|---|---|---|
| 001 | 45890 | ||
| 090 | _a45890 | ||
| 100 | _a20260320 pory50 | ||
| 101 | _apor | ||
| 102 | _aPT | ||
| 200 |
_aFugas - Guia do Viajante Portugal - Espanha _fdir. José Manuel Fernandes _ged. lit. Pedro Garcias _g[jornal] Público |
||
| 210 |
_a[S.l.] _cPúblico _d[S.d.] |
||
| 215 |
_a1 v. _cil. |
||
| 305 | _adist. em fasciculos arquivados em Capa dura | ||
| 675 | _a910.4 | ||
| 801 |
_aPT _gRPC |
||
| 990 | _cLIVROS | ||